The Control of Asbestos Regulations 2012 (Record no. 113386)
[ view plain ]
| 000 -LEADER | |
|---|---|
| fixed length control field | 00904cad a22002295a 4500 |
| 001 - CONTROL NUMBER | |
| control field | L155195 |
| 008 - FIXED-LENGTH DATA ELEMENTS--GENERAL INFORMATION | |
| fixed length control field | 120309s2012 xxk f l s000 0 eng d |
| 035 ## - SYSTEM CONTROL NUMBER | |
| System control number | (Sirsi) u155195 |
| 041 0# - LANGUAGE CODE | |
| Language code of text/sound track or separate title | eng |
| 110 2# - MAIN ENTRY--CORPORATE NAME | |
| Corporate name or jurisdiction name as entry element | United Kingdom |
| Form subheading | Laws, etc |
| 9 (RLIN) | 5044 |
| 245 04 - TITLE STATEMENT | |
| Title | The Control of Asbestos Regulations 2012 |
| Medium | [electronic resource] |
| 260 ## - PUBLICATION, DISTRIBUTION, ETC. | |
| Place of publication, distribution, etc. | London |
| Name of publisher, distributor, etc. | HM Government |
| Date of publication, distribution, etc. | 2012 |
| 490 #0 - SERIES STATEMENT | |
| Series statement | Statutory Instrument |
| Volume/sequential designation | 2012: 632 |
| 520 ## - SUMMARY, ETC. | |
| Summary, etc. | The Regulations will comply with the European Commission after they found that the previous asbestos regulations had not fully implemented the relevant Directive. |
| 520 ## - SUMMARY, ETC. | |
| Summary, etc. | Came into force 6 April 2012. |
| 521 ## - TARGET AUDIENCE NOTE | |
| Target audience note | Advanced |
| 590 ## - LOCAL NOTE (RLIN) | |
| Local note | KA NTK |
| 651 #4 - SUBJECT ADDED ENTRY--GEOGRAPHIC NAME | |
| Geographic name | United Kingdom |
| Chronological subdivision | |
| 690 ## - LOCAL SUBJECT ADDED ENTRY--TOPICAL TERM (OCLC, RLIN) | |
| Topical term or geographic name as entry element | Health and safety |
| 9 (RLIN) | 6244 |
| 856 40 - ELECTRONIC LOCATION AND ACCESS | |
| Uniform Resource Identifier | <a href="https://www.legislation.gov.uk/uksi/2012/632/made">https://www.legislation.gov.uk/uksi/2012/632/made</a> |
| Public note | View the statutory instrument free of charge at www.legislation.gov.uk |
| 942 ## - ADDED ENTRY ELEMENTS (KOHA) | |
| Suppress in OPAC | 0 |
| Withdrawn status | Lost status | Source of classification or shelving scheme | Damaged status | Not for loan | Home library | Current library | Shelving location | Date acquired | Total Checkouts | Full call number | Barcode | Date last seen | Copy number | Price effective from | Koha item type |
|---|---|---|---|---|---|---|---|---|---|---|---|---|---|---|---|
| Dewey Decimal Classification | Virtual | Virtual | Online | 09/03/2012 | ONLINE PUBLICATION | 155195-2001 | 06/08/2019 | 1 | 06/08/2019 | Book |